Fusión de empresas
Bewaard in:
| Hoofdauteur: | |
|---|---|
| Formaat: | Boek |
| Taal: | Spaans |
| Gepubliceerd in: |
Santiago
LexisNexis
2005
|
| Editie: | 2a. ed |
| Onderwerpen: | |
| Tags: |
Voeg label toe
Geen labels, Wees de eerste die dit record labelt!
|
MARC
| LEADER | 00000nam a2200000 a 4500 | ||
|---|---|---|---|
| 001 | UCK7817 | ||
| 003 | CL-VaPUC | ||
| 008 | 051216e20050000CL |||||||||||||||||spa|d | ||
| 020 | |a 9562385736 | ||
| 082 | 0 | 4 | |a 658.16 |b PIN |2 21 |
| 100 | 0 | |a Pinto Perry, Germán R |e author |9 497465 | |
| 245 | 1 | 0 | |a Fusión de empresas |
| 250 | |a 2a. ed | ||
| 300 | |a 124 p | ||
| 942 | |c BK | ||
| 945 | |d 20051216 00:00:00 |a jtorresc | ||
| 260 | |a Santiago |b LexisNexis |c 2005 | ||
| 650 | 7 | |a FUSION DE EMPRESAS |2 CL-VaPUC |9 497466 | |
| 650 | 7 | |a CONCENTRACION ECONOMICA |2 CL-VaPUC |9 256619 | |
| 650 | 7 | |a FORMACION DE EMPRESAS |2 CL-VaPUC |9 336921 | |
| 650 | 0 | |a Derecho tributario |9 258895 | |
| 583 | |a last modification |c 20051216 00:00:00 |k Rodrigo Vera | ||
| 999 | |c 315659 |d 315657 | ||
| 952 | |0 0 |1 0 |4 0 |6 658_160000000000000_PIN_2005 |7 0 |8 A |9 389223 |a BIBGIM |b BIBGIM |d 2019-11-22 |i 4192389 |o 658.16 PIN 2005 |p 4192389 |r 2025-01-15 |w 2019-11-22 |y BK |k COM | ||
| 952 | |0 0 |1 0 |4 0 |6 658_160000000000000_PIN_2005 |7 0 |8 A |9 389224 |a BIBGIM |b BIBGIM |d 2019-11-22 |i 4227417 |o 658.16 PIN 2005 |p 4227417 |r 2025-01-15 |w 2019-11-22 |y BK |k COM | ||
| 952 | |0 0 |1 0 |4 0 |6 658_160000000000000_PIN_2005 |7 0 |8 A |9 389225 |a BIBGIM |b BIBGIM |d 2019-11-22 |i 4227425 |o 658.16 PIN 2005 |p 4227425 |r 2025-01-15 |w 2019-11-22 |y BK |k COM | ||
| 952 | |0 0 |1 0 |4 0 |6 658_160000000000000_PIN_2005 |7 0 |8 A |9 389226 |a BIBGIM |b BIBGIM |d 2019-11-22 |i 4227433 |o 658.16 PIN 2005 |p 4227433 |r 2025-01-15 |w 2019-11-22 |y BK |k COM | ||
| 952 | |0 0 |1 0 |4 0 |6 658_160000000000000_PIN_2005 |7 0 |8 A |9 389227 |a BIBGIM |b BIBGIM |d 2019-11-22 |i 4227441 |o 658.16 PIN 2005 |p 4227441 |r 2025-01-15 |w 2019-11-22 |y BK |k COM | ||
| 952 | |0 0 |1 0 |4 0 |6 658_160000000000000_PIN_2005 |7 0 |8 A |9 389228 |a BIBGIM |b BIBGIM |d 2019-11-22 |i 422745K |o 658.16 PIN 2005 |p 422745K |r 2025-01-15 |w 2019-11-22 |y BK |k COM | ||
| 952 | |0 0 |1 0 |4 0 |6 658_160000000000000_PIN_2005 |7 0 |8 A |9 389229 |a BIBGIM |b BIBGIM |d 2019-11-22 |i 4227468 |o 658.16 PIN 2005 |p 4227468 |r 2025-01-15 |w 2019-11-22 |y BK |k COM | ||
| 952 | |0 0 |1 0 |4 0 |6 658_160000000000000_PIN_2005 |7 0 |8 A |9 389230 |a BIBGIM |b BIBGIM |d 2019-11-22 |i 4227476 |o 658.16 PIN 2005 |p 4227476 |r 2025-01-15 |w 2019-11-22 |y BK |k COM | ||
| 952 | |0 0 |1 0 |4 0 |6 658_160000000000000_PIN_2005 |7 0 |8 A |9 389231 |a BIBGIM |b BIBGIM |d 2019-11-22 |i 4227484 |o 658.16 PIN 2005 |p 4227484 |r 2025-01-15 |w 2019-11-22 |y BK |k COM | ||
| 952 | |0 0 |1 0 |4 0 |6 658_160000000000000_PIN_2005 |7 0 |8 A |9 389232 |a BIBGIM |b BIBGIM |d 2019-11-22 |i 4227492 |o 658.16 PIN 2005 |p 4227492 |r 2025-01-15 |w 2019-11-22 |y BK |k COM | ||
| 952 | |0 0 |1 0 |4 0 |6 658_160000000000000_PIN_2005 |7 0 |8 A |9 389233 |a BIBGIM |b BIBGIM |d 2019-11-22 |i 4227506 |o 658.16 PIN 2005 |p 4227506 |r 2025-01-15 |w 2019-11-22 |y BK |k COM | ||
| 952 | |0 0 |1 0 |4 0 |6 658_160000000000000_PIN_2005 |7 0 |8 A |9 389234 |a BIBGIM |b BIBGIM |d 2019-11-22 |i 4227514 |o 658.16 PIN 2005 |p 4227514 |r 2025-01-15 |w 2019-11-22 |y BK |k COM | ||
| 952 | |0 0 |1 0 |4 0 |6 658_160000000000000_PIN_2005 |7 0 |8 A |9 389235 |a BIBGIM |b BIBGIM |d 2019-11-22 |i 4227522 |o 658.16 PIN 2005 |p 4227522 |r 2025-01-15 |w 2019-11-22 |y BK |k COM | ||
| 952 | |0 0 |1 0 |4 0 |6 658_160000000000000_PIN_2005 |7 0 |8 A |9 389236 |a BIBGIM |b BIBGIM |d 2019-11-22 |i 4227530 |o 658.16 PIN 2005 |p 4227530 |r 2025-01-15 |w 2019-11-22 |y BK |k COM | ||
| 952 | |0 0 |1 0 |4 0 |6 658_160000000000000_PIN_2005 |7 0 |8 A |9 389237 |a BIBGIM |b BIBGIM |d 2019-11-22 |i 4227549 |o 658.16 PIN 2005 |p 4227549 |r 2025-01-15 |w 2019-11-22 |y BK |k COM | ||
| 952 | |0 0 |1 0 |4 0 |6 658_160000000000000_PIN_2005 |7 0 |8 A |9 389238 |a BIBGIM |b BIBGIM |d 2019-11-22 |i 4227557 |o 658.16 PIN 2005 |p 4227557 |r 2025-01-15 |w 2019-11-22 |y BK |k COM | ||